El mundo oriental (Record no. 129477)

MARC details
000 -LEADER
campo de control de longitud fija 00585nam a2200193 i 4500
001 - NÚMERO DE CONTROL
campo de control 129477
003 - IDENTIFICADOR DE NÚMERO DE CONTROL
campo de control ES-MaACL
005 - FECHA Y HORA DE LA ÚLTIMA TRANSACCIÓN
campo de control 20230906193516.0
007 - CAMPO FIJO DE DESCRIPCIÓN FÍSICA--INFORMACIÓN GENERAL
campo de control de longitud fija t|
008 - DATOS DE LONGITUD FIJA--INFORMACIÓN GENERAL
campo de control de longitud fija 070615s1973 sp ||||1| spa d
080 ## - NÚMERO DE LA CLASIFICACIÓN DECIMAL UNIVERSAL
Número de la Clasificación Decimal Universal 94(5)
100 1# - ENTRADA PRINCIPAL--NOMBRE DE PERSONA
Nombre de persona Teuffen, Dietrich Hans.
9 (RLIN) 109848
245 13 - MENCIÓN DEL TÍTULO
Título El mundo oriental
Resto del título : Asia, entre la edad de piedra y la actualidad /
Mención de responsabilidad, etc. Dietrich Hans Teuffen.
250 ## - MENCION DE EDICION
Mención de edición [1ª ed.].
260 ## - PUBLICACIÓN, DISTRIBUCIÓN, ETC.
Lugar de publicación, distribución, etc. Barcelona :
Nombre del editor, distribuidor, etc. Caralt,
Fecha de publicación, distribución, etc. [1973]
300 ## - DESCRIPCIÓN FÍSICA
Extensión 2 v. , 38 lám. :
Otras características físicas il. ;
Dimensiones 22 cm.
651 #4 - PUNTO DE ACCESO ADICIONAL DE MATERIA--NOMBRE GEOGRÁFICO
Nombre geográfico Asia-
Subdivisión general Historia.
9 (RLIN) 7827
852 ## - LOCALIZACIÓN
Ubicación ES-MaACL
Número de control de estantería C-51306-7
Sublocalización o colección R.85347
Holdings
Estatus retirado Estado de pérdida Estado de daño No para préstamo Biblioteca de origen Biblioteca actual Ubicación en estantería Fecha de adquisición Fuente de adquisición Total de préstamos Signatura topográfica completa Código de barras Visto por última vez Precio de reemplazo Tipo de ítem Koha
        Biblioteca del Ateneo de Madrid Biblioteca del Ateneo de Madrid Depósito 2 17/01/2008     C-51306-7 1134830 23/02/2023 23/02/2023 Libro impreso